| 000 | 00448nam a2200205Ia 4500 | ||
|---|---|---|---|
| 001 | 12306 | ||
| 003 | GE_BSU | ||
| 008 | 181216s||||||||xx |||||||||||||| ||und|| | ||
| 020 | _a9780140158823 | ||
| 040 | _cGE_BSU | ||
| 080 | _a821.111-312.4 | ||
| 100 | _aMacdonald,John D. | ||
| 245 | 4 | _aThe Executioners | |
| 260 | _aLondon | ||
| 260 | _bPenguin Books | ||
| 260 | _c1991 | ||
| 300 | _a198p.18cm. | ||
| 653 | _aThe Executioners | ||
| 942 | _cBK | ||
| 999 |
_c45481 _d45481 |
||